000 00790nab a2200253 4500
003 BR-BrBNA
005 20250722230545.0
008 250722b bl.||||| |||| 00| 0 por d
040 _aBR-BrBNA
_bpor
072 _aF01 ; E70 ; E71 ; E72
_b3385
100 _aTaguchi, Viviane
245 _aNos jardins do Ceará
_bAgronegócios
500 _a4 illus.
650 _aFLORICULTURA
650 _aJARDIM
650 _aROSA
650 _aCOMERCIALIZAÇÃO
650 _aMERCADO INTERNO
650 _aEXPORTAÇÃO
650 _aCEARÁ
773 0 _01706
_9347979
_dSão Paulo-SP Editora Três Ltda - E-mail: luizfsa@revistadinheiro.com.br 2004
_o2025-0478
_tDinheiro Rural (Brazil)
_x1807-3700
_gv. 6(74) p. 58-60; (Dec 2010)
_wBR2025001856
942 _cANA
999 _c337307
_d337307